MARC

LEADER 00000nam0a2200000 4500
001 131760
005 20231031134608.0
035 |a (RuTPU)RU\TPU\book\142690 
090 |a 131760 
100 |a 20080221d1975 k y0rusy50 ca 
101 0 |a rus 
102 |a RU 
105 |a a z 001zy 
200 1 |a Лазерные кристаллы  |f А. А. Каминский  |g Академия наук СССР (АН СССР), Институт кристаллографии им. А. В. Шубникова (ИК) 
210 |a Москва  |c Наука  |d 1975 
215 |a 256 с.  |c ил. 
320 |a Библиогр.: с. 234-252. 
320 |a Предметный указатель: с. 253-256. 
610 1 |a лазерные кристаллы 
610 1 |a кристаллические лазеры 
610 1 |a диэлектрические кристаллы 
610 1 |a спектральные характеристики 
610 1 |a генерация 
610 1 |a рабочие схемы 
610 1 |a лазерные кристаллические системы 
610 1 |a люминесцентногенерационные свойства 
675 |a 621.373.826.038.825  |v 3 
700 1 |a Каминский  |b А. А.  |g Александр Александрович 
712 0 2 |a Академия наук СССР (АН СССР)  |b Институт кристаллографии им. А. В. Шубникова (ИК)  |c (Москва)  |2 stltpush  |3 (RuTPU)RU\TPU\col\11554 
801 1 |a RU  |b 63413507  |c 20080221  |g PSBO 
801 2 |a RU  |b 63413507  |c 20150503  |g PSBO 
942 |c BK